000 00567nam a2200229Ia 4500
003 OSt
005 20220924133615.0
006 a|||||r|||| 00| 0
007 ta
008 220923b |||||||| |||| 00| 0 urd d
024 _a267394
037 _cTextual
040 _aARTS
_cARTS
_burd
041 _2urd
_aurd
082 _aO168,1M00:g, K8
100 _aNyaz
_9206911
245 0 _aNigar e Pakistan
_b Momin number
260 _c1968
650 _aURDU POETRY
942 _hO168,1M00:g, K8
_cTEXL
_2CC
999 _c434418
_d434418